000
00296nam a22001217a 4500
008
180118b xxu||||| |||| 00| 0 eng d
041
_a
eng
080
_a
330
100
_a
52
101
_a
EKO
245
_a
Economic history and the history of economics
_c
Blaug,M
942
_2
udc
_c
BK
999
_c
40496
_d
40496